000 01038cam a22002651 4500
001 ne 68003627
003 DLC
005 20260227111847.0
008 850225s1942 ii h b 000 0carax
010 _ane 68003627
035 _a(OCoLC)13884274
040 _aDLC
_cNN
_dDLC
042 _apremarc
050 0 0 _aD198.3
_b.M78 1942
100 0 _aMuḥammad ibn Ḥabīb,
_d-860.
245 1 0 _aKitāb al-muḥabbar,
_cli-Abī Jaʻfar Muḥammad ibn Ḥabīb ibn Umayyah ibn ʻAmr al-Hāshimī al-Baghdādī. Riwāyat Abī Saʻīd al-Ḥasan ibn al-Ḥusayn al-Sukkarī ʻanhu. Wa-qad iʻtanat bi-taṣḥīḥ hadhā al-kitāb Īlzah Līḥtin [sic] Shtaytar [sic]
260 _aḤaydar Ābād al-Dakkan,
_bMaṭbaʻat Jamʻīyat Dāʼirat al-Maʻārif al-ʻUthmānīyah,
_c1942.
300 _a6, 752 p.
_bfacsim.
_c26 cm.
500 _aIn Arabic
504 _aBibliographical footnotes.
651 0 _aIslamic Empire
_vBiography.
650 0 _aArabs
_vBiography.
700 1 _aLichtenstadter, Ilse,
_d1907-
740 0 _aMuḥabbar.
999 _c50807
_d50807